Teatro. (Registro nro. 184435)

Detalles MARC
000 -LEADER
campo de control de longitud fija 00942nam a2200277 i 4500
001 - NÚMERO DE CONTROL
campo de control 184435
003 - IDENTIFICADOR DE NÚMERO DE CONTROL
campo de control ES-MaACL
005 - FECHA Y HORA DE LA ÚLTIMA TRANSACCIÓN
campo de control 20230906222208.0
008 - DATOS DE LONGITUD FIJA--INFORMACIÓN GENERAL
campo de control de longitud fija 150826s1984 sp |||| | spa d
020 ## - NÚMERO INTERNACIONAL ESTÁNDAR DEL LIBRO
Número Internacional Estándar del Libro 84-264-1156-8
080 ## - NÚMERO DE LA CLASIFICACIÓN DECIMAL UNIVERSAL
Número de la Clasificación Decimal Universal 840-23"19"
100 1# - ENTRADA PRINCIPAL--NOMBRE DE PERSONA
Nombre de persona Yourcenar, Marguerite.
9 (RLIN) 117708
245 10 - MENCIÓN DEL TÍTULO
Título Teatro.
Número de parte o sección de la obra I /
Mención de responsabilidad, etc. Marguerite Yourcenar ; traducción de Silvia Baron-Supervielle.
246 35 - FORMA VARIANTE DEL TITULO
Título propio/Titulo breve Dar al César
246 35 - FORMA VARIANTE DEL TITULO
Título propio/Titulo breve Diálogo en la marisma
250 ## - MENCION DE EDICION
Mención de edición 1ª ed. en "Palabra en el tiempo".
260 ## - PUBLICACIÓN, DISTRIBUCIÓN, ETC.
Lugar de publicación, distribución, etc. Barcelona :
Nombre del editor, distribuidor, etc. Lumen,
Fecha de publicación, distribución, etc. 1984.
300 ## - DESCRIPCIÓN FÍSICA
Extensión 1 v. (209 p.) ;
Dimensiones 19 cm.
490 1# - MENCIÓN DE SERIE
Mención de serie Palabra en el tiempo ;
Designación de volumen o secuencia 156
505 8# - NOTA DE CONTENIDO CON FORMATO
Nota de contenido con formato Contiene: 1 ;
Título Dar al César ;
-- La sirenita ;
-- Diálogo en la marisma
700 1# - ENTRADA AGREGADA--NOMBRE PERSONAL
Nombre de persona Baron Supervielle, Silvia.
9 (RLIN) 25779
740 32 - ENTRADA AGREGADA--TÍTULO RELACIONADO/ANALÍTICO NO CONTROLADO
Título relacionado o analítico no controlado La sirenita.
830 0# - PUNTO DE ACCESO ADICIONAL DE SERIE-TÍTULO UNIFORME
Título uniforme Palabra en el tiempo ;
Designación de volumen o secuencia 156
9 (RLIN) 177857
852 ## - LOCALIZACIÓN
Ubicación ES-MaACL
Número de control de estantería L-30164
Nota libre . - Donat. Carmen Zumárraga
Existencias
Estatus retirado Estado de pérdida Estado de daño No para préstamo Biblioteca de origen Biblioteca actual Ubicación en estantería Fecha de adquisición Fuente de adquisición Total de préstamos Signatura topográfica completa Código de barras Visto por última vez Precio de reemplazo Tipo de ítem Koha
        Biblioteca del Ateneo de Madrid Biblioteca del Ateneo de Madrid Depósito 2 26/08/2015     L-30164 1194083 23/02/2023 23/02/2023 Libro impreso